00351nam a22001457a 450000500170000000800410001702000180005804100080007608200140008410000120009824500440011026000280015430000100018265000130019220210825131528.0200521b xxu||||| |||| 00| 0 eng d a9788174734389 aeng a610.7 KUM aKumar N aHealth Education and Community Pharmacy aDelhibAITBS PUBLISHERS a216p. aPharmacy